000 01034nam a22003137a 4500
001 000496
003 DO-SdBNP
005 20171113104808.0
007 000496
008 160914b 1989 mx ||||| |||| 00| 0 spa d
020 _a9686677224
040 _aBPMSU
_bspa
_cBPMSU
041 1 7 _aspa
_h
082 4 _a813.52
_bE71e
100 1 _a Hemingway, Ernest,
_d1899-1961
240 1 0 _aErnest Hemingway on writing.
_lEspañol
245 1 0 _aSobre el oficio de escribir /
_ceditado por Larry W. Phillips ; traduccion Maria Alfageme Ramirex.
260 _aMexico :
_bPubligrafics,
_c1989.
300 _axiii, 128 p.
_c19 cm.
500 _aTraducción de: Ernest Hemingway on writing.
600 1 4 _aERNEST HEMINGWAY
_d1899-1961
_xCITAS
650 4 _aLITERATURA NORTEAMERICANA
700 1 _aPhillips, Larry W.
_eed.
700 1 2 _aAlfageme Ramirex, María,
_etr.
910 _aValidado. Control de calidad MFF
942 _2ddc
_cBK
945 _aInventariado extranjero / 2017 VM
956 _2LOPEREZ
_310
_620160914
_8BPMSU
_a00041
999 _c11382
_d11382